000 00651nam a2200193Ia 4500
003 GCL
005 20240530103154.0
008 140319s9999 xx 000 0 ara d
040 _aGCL /
_cGCL
082 0 4 _a411.5
_bع ع
100 1 _aعصام نورالدين
245 1 0 _aعلم وظائف الاصوات اللغوية :
_b الفونولوجيا /
_cعصام نورالدين
260 _a[ بيروت] :
_bدار الفكر اللبنانى ،
_c1992
300 _a240 ص ؛
_c24 سم
490 _aالسلسلة الالسنية
_v0
650 0 4 _aالاصوات اللغوية
650 0 4 _aاللغة العربية
942 _2ddc
_cBK
999 _c37328
_d37328